000 00672nam a22002417a 4500
005 20170124110041.0
010 _a340712
020 _c00.00
035 _a340712
037 _bCen Lib/Ret
040 _aDPL
_bEN
082 _a880.8
_bWAR
100 _aWard. A.C.
_923652
245 _aTwentieth-century english literature :
_cby A. C. Ward
_b1901-1960 /
246 _b
260 _bUniversity Paperbacks
_c1964
_aLondon
270 _bLondon
_a11, New Fetter Lane
_eEC4
300 _aviii,239p.
_c20cm(Hb)
500 _aIncludes index.
650 _aLiterature
_96262
650 _aEnglish literature
_923653
942 _2ddc
_cEN
_h880.8
_mWAR
999 _c128516
_d128516